| 000 | 00521nam a22001577a 4500 | ||
|---|---|---|---|
| 999 |
_c60667 _d60667 |
||
| 005 | 20231004164033.0 | ||
| 008 | 231004s1988 gw ||||| |||| 00| 0 ger d | ||
| 041 | _ager | ||
| 080 | _a902.2 N-91 | ||
| 100 |
_aNuber, Hans Ulrich _919998 |
||
| 245 |
_aAntike Bronzen aus Baden-Württemberg / _cHans Ulrich Nuber. |
||
| 264 |
_aAalen, _c1988. |
||
| 300 |
_a130 p.: _bill.; _c22 cm. |
||
| 653 | _aანტიკური ბრინჯაო ბადენ-ვიურტემბერგიდან | ||
| 942 |
_2udc _cBK |
||